003940000a220010900045001000021000002450070000213000046000917730032001379420008001699520090001779990017002671 aHabecker, Eugene10aDecimos "afios" al ayer, "hola" al hoy y "bienvenido" al mañana aVol. 56, Núm 255 (2001), Páginas 8-120 tLa Biblia de las Américas cANA 001040708HEMaFUSBCbFUSBCd2016-01-26l0o r2016-01-26 00:00:00w2016-01-26yANA c51641d51641